LEADER 01058nam a2200265 i 4500 001 000000161781 003 CaOOAMICUS 005 20080124000000.0 008 080124s1986 it u000 u ita u 013 $a139144 040 $aSeMil$bita 100 1 $aNegrisoli, Aldo.$0(OLS)http://semarc/name/42772 245 10$aPreparazione psicosomatica alla terza età /$cAldo Negrisoli. 260 $aMilano :$bNuovi Autori,$ccopyr. 1986. 300 $a309 p. ;$c21 cm. 500 $aFondo Card. Giovanni Colombo. 650 4$aAnziani - Psicologia.$0(OLS)http://semarc/subject/17680 650 4$aAnziani - Igiene.$0(OLS)http://semarc/subject/17681 650 4$aAnziani - Preparazione.$0(OLS)http://semarc/subject/17682 850 $aSeMil 852 $aSeMil$W1$xVenegono$y1$m3XK IV 18$j113158$B113158$CSeMilBibl$Z2$F133716 $81 941 1 $a3 961 $aLascito: Colombo Card. Giovanni 996 $6245$aPreparazione psicosomatica alla terza età$9(OLS)http://semarc/title/145083 996 $6260$aMilano :$bNuovi Autori$9(OLS)http://semarc/publisher/31875 LEADER 01196nam a2200301 i 4500 001 000000223729 003 CaOOAMICUS 005 20131018000000.0 008 131018s1997 it u000 u ita u 013 $a202627 020 $a88-430-0505-7 040 $aSeMil$bita 100 1 $aBecciu, Mario.$0(OLS)http://semarc/name/78004 245 13$aLa leadership autorevole :$bla conduzione dei gruppi di lavoro /$cMario Becciu Anna Rita Colasanti. 260 $aRoma :$bNIS,$c1997. 300 $a140 p. ;$c24 cm. 490 0 $aI manuali ;$v93 500 $aFondo card. C. M. Martini. 650 4$aLeadership.$0(OLS)http://semarc/subject/27963 700 1 $aColasanti, Anna Rita.$0(OLS)http://semarc/name/78005 830 2$aI manuali ;$v93.$0(OLS)http://semarc/title/39239 850 $aSeMil 852 $aSeMil$W1$xVenegono$y1$m3X V 39$j174075$B174075$CSeMilBibl$Z2$F185534 $81 941 1 $a4 961 $aLascito: Martini Card. Carlo Maria 996 $6020$a88-430-0505-7$9(OLS)http://semarc/number/223919 996 $6245$aLa leadership autorevole :$bla conduzione dei gruppi di lavoro$9(OLS)http://semarc/title/320810 996 $6260$aRoma :$bNIS$9(OLS)http://semarc/publisher/32209